04396nab a22007337 4500003000900000022001400009040001800023041000800041044000700049245004600056260002500102300004300127505001100170505003000181505006700211505003400278505008900312505002500401505008300426505003100509505013800540505002500678505008900703505003800792505014800830505017100978505003401149505007101183505007401254505007701328505003301405505007001438505003201508505007101540505004501611505006501656505004201721505008401763505003601847505014801883505005702031505007702088505005102165505011102216505010002327505005102427505009002478505007202568505008102640505007502721505006302796505007202859505006502931505006902996505008903065505006403154505006903218505005803287505007603345505005303421505008103474650003303555773007403588AR-RoUNA a0327-9022 aAR-RoUNAbspa aspa aag aSumma+ / bEducación y Cultura / Perfil aBuenos Aires ,c1993 a144 p. :bil. byn.bplanosc34 X25 cm.0 tINDICE0 tChile - DENSIDAD INTERIOR0 aMathías Klotz / Biblioteca Central UDP, Santiago, 2010. p. 40 tItalia - LABORATORIO CULTURAL0 aDap + Studio + Paola Giaconia / Centro Cultural Roberto Gritti, Bergamo, 2010. p. 120 tCROMOS EN PENTAGRAMA0 aGeza - Gri E Zucchi / Casa de la Mística, Cervignano del Friuli, 2010. p. 180 tChile - SOLUCIÓN MODULAR0 aSebastián Irarrázaval Delpiano, Erick Caro y Cristián Irarrázaval / Sala de clases modulares, Séptima Región, 2010. p. 240 tVISTAS SERPENTEANTES0 aIan Tidy, Albert Tidy y Cecilia Aldunate / Colegio San Sebastián, Melipilla. p. 300 tArgentina - FAMILIA PROTOTÍPICA0 aUnidad de proyectos especiales, Ministerio de obras públicas y vivienda Gobierno de Santa Fe / Escuela Técnica Nº508, Sta. Fe, 2011. p. 380 aUnidad de proyectos especiales, Ministerio de obras públicas y vivienda Gobierno de Santa Fe / Jardín de Infantes Nº121 ¨General López¨, Sta. Fe, 2012. p. 420 tPortugal - VARIACIÓN Y TEMA0 aClaudio Sat, Unipessoal, LDA / Complejo ¨Dos Arcos¨, 2007. p. 460 aClaudio Sat, Unipessoal, LDA / Complejo Alvito, Óbidos, 2010. p. 490 aClaudio Sat, Unipessoal, LDA / Complejo Furadouro, Óbidos, 2010. p. 500 tEspaña - OTOÑO Y PRIMERA0 aMestura Arq. / Ceip 2L Martinet, Barcelona, España, 2010. p. 540 tBrasil - ABIERTO AL PAISAJE0 aGrupoSP / Escuela Pública en Votorantim (San Pablo), 2008. p. 600 tPakistán - CONSTRUCCIONES DIDÁCTICAS0 aRoswag / Escuela Tipu Sultan Merkez, Pakistán, 2010. p. 660 aEscuela Serrano, Sta. Fe, 2011. p. 680 aAl borde, David Barragán & Pascual Gangotena / Manabí, Ecuador, 2009. p. 700 tMéxico - JUEGO DE SEDUCCIÓN0 aTaller de arquitectura - Mauricio Rocha, Gabriela Carrillo, Carlos Facio, Rafael Carrillo / Escuela de artes plásticas de Oaxaca, 2008. p. 760 aJorge Hampton / La sombra en América Latina. p. 780 tSMALL AND SMART: Expresiones de la arquitectura contemporánea eslovena0 aMuseum of architecture and desing, 2011. p. 820 aArchitektura Kru¨sec / Facultad de Biotecnología (Universidad de Ljubljana), Eslovenia, 2010. p. 84 0 aMaru¨sa Zorec, Martina Tepnica / Plaza y Altar a cielo abierto, Brezie, Eslovenia, 2008. p. 860 aBevk Perovic / House D, Eslovenia, 2008. p. 880 aDekleva Gregoric / Planta de reciclado de metal, Odpad Pivka, Eslovenia, 2007. p. 900 aArhe, D.O.O / Viviendas en calle Jur¨ckova, Eslovenia, 2009. p. 920 aAnatxu Zabalbeascoa / Paredes y Pedrosa: Arquitectura de reparación. p. 940 aParedes Pedrosa / Biblioteca Pública de Ceuta, España, 2012. p. 960 aParedes Pedrosa / Auditorio de Lugo, España, 2016. p. 980 aParedes Pedrosa / Museo Wsigodo de Mérida, España, 2011. p. 1000 aParedes Pedrosa / Museo de Almería, España, 2004. p. 1020 aParedes Pedrosa / Villa Romana La Olmeda, España, 2009. p. 1060 aParedes Pedrosa / Universidad Popular Infantiol, UPI Gandia, España, 2011. p. 1100 aIgnacio Ros Olano / Colonia del Sacramento en papel. p. 1170 aRuth Verde Zein / El círculo abierto de la modernidad. p. 1180 aRafael E.J. Iglesia / Habitando en la esquina. p. 1200 aRoberto Fernández / Contraluz del Siglo: La Gran Saga Pynchon. p. 1230 aMario Sabugo / La escuela de Fráncfort. p. 1260 aCarlos Gustavo Giménez / El distrito tecnológico de Buenos Aires. p. 128 aArquitectura contemporánea0 aSumma+dBuenos Aires, ArgentinagNº121 (abr-2012), p. 128x0327-9022